000 00531nam a2200193 i 4500
001 114728
003 ES-MaACL
005 20250328063129.0
007 t|
008 070322s1961 sp ||||1| spa d
080 _a821.134.2-31"19"
100 1 _aAdro Xavier,
_d1910-1998
_918481
245 1 3 _aLa otra fraternidad
_b: novela /
_cAdro Xavier.
250 _a2ยช ed.
260 _aBarcelona :
_bFlors,
_c1961.
300 _a269 p. ;
_c22 cm.
852 _aES-MaACL
_jC-20649
_bR.49200
999 _c114728
_d114728